| 000 | 00622nam a2200193 4500 | ||
|---|---|---|---|
| 999 |
_c164406 _d164406 |
||
| 005 | 20190517162221.0 | ||
| 010 | _aENG-125221 | ||
| 020 |
_a9788131608982 _c795.00 |
||
| 035 | _aEN-108753 | ||
| 037 | _bDBAD/PUB | ||
| 082 | _a305.568 | ||
| 100 | _aShyam Lal | ||
| 245 |
_aAmbedkar and the bhangis : _cby Shyam Lal _befforts for their upliftment/ |
||
| 260 |
_aNew Delhi _bRawat Publications _c2018 |
||
| 270 |
_a4858/24, Ansari Road , Daryaganj, _bNew Delhi _e110002 _k01123263290 _minfo@rawatbooks.com |
||
| 300 |
_axiv,200p. _c24cm(Hb) |
||
| 500 | _aIncludes index | ||
| 942 |
_2ddc _cEN _h305.568 _mSHY |
||